00548nam a22001937a 450000500170000001000110001702000150002803500110004303700110005408200100006510000230007524500770009826000510017530000310022650000400025770000140029794200240031199900190033520170513134945.0 aB-8450 a8124201641 aB-8450 bDpl/CL a394.2 aSingh, Chitralekha aHindu festivals, fairs and fasts /cby Chitralekha Singh [and] Prem Nath aNew DelhibCrest Publishing Housec1999(repr.) ax,214p. :bill.c21cm(pbk) aIncludes bibliographical references aPrem Nath 2ddccENh394.2mSIN c139823d139823